| 000 | 00663nam a2200193Ia 4500 | ||
|---|---|---|---|
| 003 | GCL | ||
| 008 | 140319s9999 xx 000 0 ara d | ||
| 040 |
_aGCL / _cGCL |
||
| 082 | 0 | 4 |
_aط _b372.218 _bك ن |
| 100 | 1 | _aبوناتى غرازينا | |
| 245 | 1 | 0 |
_aنهج من طفل الى طفل في التربية الصحية 2 : _bكتاب الانشطة / _cبوناتى غرازينا |
| 250 | _aالثانية | ||
| 260 |
_aبيروت : _bورشة الموارد العربية ، _c1997 |
||
| 300 |
_a190 ص ؛ _c30 سم |
||
| 650 | 0 | 4 | _aالاطفال |
| 650 | 0 | 4 | _aتعليم الاطفال |
| 650 | 0 | 4 | _aالاطفال - تدريب |
| 942 |
_2ddc _cBK |
||
| 999 |
_c6463 _d6463 |
||